Soria, fundación de Sta. Teresa (Record no. 68247)
[ view plain ]
| 000 -LEADER | |
|---|---|
| campo de control de longitud fija | 00783nam a2200205 i 4500 |
| 001 - NÚMERO DE CONTROL | |
| campo de control | 68247 |
| 003 - IDENTIFICADOR DE NÚMERO DE CONTROL | |
| campo de control | ES-MaACL |
| 005 - FECHA Y HORA DE LA ÚLTIMA TRANSACCIÓN | |
| campo de control | 20230906170231.0 |
| 007 - CAMPO FIJO DE DESCRIPCIÓN FÍSICA--INFORMACIÓN GENERAL | |
| campo de control de longitud fija | t| |
| 008 - DATOS DE LONGITUD FIJA--INFORMACIÓN GENERAL | |
| campo de control de longitud fija | 040611s1966 sp af |||| | spa d |
| 100 1# - ENTRADA PRINCIPAL--NOMBRE DE PERSONA | |
| Nombre de persona | García Abad, Albano. |
| 9 (RLIN) | 54107 |
| 245 10 - MENCIÓN DEL TÍTULO | |
| Título | Soria, fundación de Sta. Teresa |
| Resto del título | : la fundación del Convento de Carmelitas Descalzas de la ciudad de Soria por Sta. Teresa de Jesús / |
| Mención de responsabilidad, etc. | Albano García Abad, Víctor Higes. |
| 260 ## - PUBLICACIÓN, DISTRIBUCIÓN, ETC. | |
| Lugar de publicación, distribución, etc. | Burgos : |
| Nombre del editor, distribuidor, etc. | [s.n., |
| Fecha de publicación, distribución, etc. | 1966] ( |
| Fabricante | Tip. "El Monte Carmelo") |
| 300 ## - DESCRIPCIÓN FÍSICA | |
| Extensión | XX, 21, 383 p., 4 p. de lám. : |
| Otras características físicas | il. ; |
| Dimensiones | 21 cm. |
| 600 00 - PUNTO DE ACCESO ADICIONAL DE MATERIA--NOMBRE DE PERSONA | |
| Nombre de persona | Teresa de Jesús, |
| Títulos y otros términos asociados al nombre | Santa, |
| Fechas asociadas al nombre | 1515-1582 |
| 9 (RLIN) | 226510 |
| 610 24 - PUNTO DE ACCESO ADICIONAL DE MATERIA--NOMBRE DE ENTIDAD CORPORATIVA | |
| Nombre de entidad corporativa o nombre de jurisdicción como elemento de entrada | Carmelitas Descalzas- |
| Subdivisión geográfica | Soria. |
| 9 (RLIN) | 170524 |
| 700 1# - ENTRADA AGREGADA--NOMBRE PERSONAL | |
| Nombre de persona | Higes, Víctor. |
| 9 (RLIN) | 63633 |
| 852 ## - LOCALIZACIÓN | |
| Ubicación | ES-MaACL |
| Número de control de estantería | C-30789 |
| Estatus retirado | Estado de pérdida | Estado de daño | No para préstamo | Biblioteca de origen | Biblioteca actual | Ubicación en estantería | Fecha de adquisición | Fuente de adquisición | Total de préstamos | Signatura topográfica completa | Código de barras | Visto por última vez | Precio de reemplazo | Tipo de ítem Koha |
|---|---|---|---|---|---|---|---|---|---|---|---|---|---|---|
| Biblioteca del Ateneo de Madrid | Biblioteca del Ateneo de Madrid | Depósito 2 | 17/01/2008 | C-30789 | 1071444 | 23/02/2023 | 23/02/2023 | Libro impreso |
